000 00482nam a2200157Ia 4500
008 210210b2002 xxu||||| |||| 00| 0 eng d
082 _a616.01 FORB
100 _aFORBES (Betty A) and Others.
245 _aBailey and Scotts diagnostic microbiology. Ed 11
250 _a
260 _aMissouri
_bMosby
_c2002
300 _axvii,1069
650 _aDiagnostic Microbiology Clinical Bacteriology Parasitology Mycology Virology
690 _aMedical Microbiology
906 _aSG04911
999 _c115467
_d115467